Abuso sexual, victimología y sociedad: una aproximación desde el Ministerio Público Fiscal de la provincia de Buenos Aires (Registro nro. 5904)

Detalles MARC
000 -Cabecera
Campo de control de longitud fija 01030ata a2200337 4500
005 - Fecha y hora de la última transacción
Campo de control 20250821151325.0
008 - Elementos de longitud fija--Información general
Campo de control de longitud fija 150521b2007 xxu||||| |||| 00| 0 spa d
020 ## - International Standard Book Number
Número Internacional Estándar del Libro (ISBN) 9789508022660
041 ## - Idioma
Código de idioma Español
082 ## - Clasificación Decimal Dewey
Número de clasificación 362.88 D367a
100 ## - Entrada principal--Autor personal
Nombre personal Dell' Anno, Amelia
9 (RLIN) 30957
100 ## - Entrada principal--Autor personal
Nombre personal Ercilia Galán, Silvia
9 (RLIN) 30958
245 ## - Título propiamente dicho
Título Abuso sexual, victimología y sociedad: una aproximación desde el Ministerio Público Fiscal de la provincia de Buenos Aires
260 ## - Pie de imprenta
Lugar de publicación, distribución, etc. Argentina
260 ## - Pie de imprenta
Nombre del editor, distribuidor, etc. Espacio
260 ## - Pie de imprenta
Fecha de publicación, distribución, etc. 2007
300 ## - Descripción física
Extensión 220 páginas
490 ## - Serie
Título de la Serie Investigación Criminal
650 ## - Materia general
Temática (materia general) VICTIMOLOGÍA
650 ## - Materia general
Temática (materia general) ABUSO SEXUAL
650 ## - Materia general
Temática (materia general) ASISTENCIA A LA VÍCTIMA
650 ## - Materia general
Temática (materia general) CENTRO DE ASISTENCIA DE LA VÍCTIMA
650 ## - Materia general
Temática (materia general) ATENCIÓN A LAS VÍCTIMAS
650 ## - Materia general
Temática (materia general) ASPECTOS PSICOSOCIALES
650 ## - Materia general
Temática (materia general) TRABAJO SOCIAL
650 ## - Materia general
Temática (materia general) PSICOLOGÍA DE LA VÍCTIMA
650 ## - Materia general
Temática (materia general) ANÁLISIS DE ADN
650 ## - Materia general
Temática (materia general) ADOLESCENCIA Y SEXUALIDAD
650 ## - Materia general
Temática (materia general) PERFIL DE LAS VÍCTIMAS
942 ## - Punto de acceso adicional KOHA
Tipo de ítem KOHA Libro
Fuente del sistema de clasificación o colocación Dewey Decimal Classification
Existencias
Signatura completa Código de barras Programa Académico Tipo de ítem
362.88 D367a 14847 Investigación Criminal Libro
362.88 D367a 14848   Libro